| 000 | 00757cam a2200241 a 4500 | ||
|---|---|---|---|
| 001 | 14446877 | ||
| 005 | 20250118104533.0 | ||
| 008 | 060711s2007 mnua d 001 0 eng | ||
| 020 | _a0763822736 (pbk. : text) | ||
| 020 | _a9780763822705 | ||
| 050 | 0 | 0 |
_aR123 _b.E88 2007 |
| 082 | 0 | 0 |
_a610.1/4 _222 |
| 100 | 1 |
_aEttinger, Alice G., _d1943- |
|
| 245 | 1 | 0 |
_aMedical terminology for health careers / _cAlice G. Ettinger, Pamala F. Burch. |
| 250 | _a2nd ed. | ||
| 260 |
_aSt. Paul, MN : _bEMCParadigm, _cc2007. |
||
| 300 |
_a1 v. (various pagings) : _bill. (some col.) ; _c28 cm. |
||
| 500 | _aIncludes index. | ||
| 650 | 0 |
_aMedicine _xTerminology. |
|
| 650 | 0 |
_aMedical sciences _xTerminology. |
|
| 700 | 1 | _aBurch, Pamala F. | |
| 942 |
_2lcc _cBK _e2nd ed. _n0 |
||
| 999 |
_c2652 _d2652 |
||